| 000 | 00870nam a22002417a 4500 | ||
|---|---|---|---|
| 999 |
_c95676 _d95676 |
||
| 005 | 20230712105013.0 | ||
| 010 | _a1516EN07 ENG-114948 ENG-137364 | ||
| 020 |
_a9789339221294 _c650.00 |
||
| 020 |
_a933922129x _c650.00 |
||
| 035 | _aEN-98480 EN-120896 | ||
| 035 | _aB-611520-550 | ||
| 037 |
_adpl _bUBH/Ven |
||
| 082 | _a330.954 | ||
| 100 | _aRamesh Singh | ||
| 245 |
_aIndian economy for Civil Services examinations / _cby Ramesh Singh |
||
| 250 | _a7th ed | ||
| 260 |
_aNew Delhi _bMcGraw Hill Education _c2015 |
||
| 270 |
_aP-24, Green Park Extension _bNew Delhi _e110016 |
||
| 300 |
_avarious pagings _c26cm(pbk) |
||
| 490 | _aMcGraw Hill Education winning edge series | ||
| 942 |
_2ddc _cEN _mRAM _h330.954 |
||